| 000 | 00467 a2200157 4500 | ||
|---|---|---|---|
| 005 | 20250506083739.0 | ||
| 020 | _a978 0 7494 7484 3 | ||
| 082 | _a658.152 LEW | ||
| 100 | _aLEWIS, H. | ||
| 245 | _aBids, Tenders & Proposals : Winning Business Through Best Practice. | ||
| 250 | _a5th Ed | ||
| 260 |
_aLondon, _bKoganPage, _c2015. |
||
| 300 |
_aViii, 245p.: ill.; figure _bIndex _c23cm. |
||
| 856 |
_yAccess Online Book _fManagement _dwww.koganpage.com |
||
| 942 |
_2ddc _cBKS |
||
| 999 |
_c1977 _d1977 |
||